000 00447cam a2200169ua 4500
020 _c1250.00
041 _aeng
_h
082 _a664
_bKHA/FO
100 _aKhatkar, Bhupendra Singh .
245 0 0 _aFood science and technology /
_cBhupendra Singh Khatkar.
_hTextual Documents
260 _aNew Delhi :
_bDaya Publishing House ,
_c2007.
300 _a549 ; .
365 _a1250.00
504 _a
942 _cBK
999 _c13324
_d13324